000 00574nam a2200193 i 4500
001 145876
003 ES-MaACL
005 20230906201336.0
007 t|
008 071017s1931 sp ||||1| spa d
080 _a929 Rasputin, Grigoriï Efimovich (0:82)
080 _a821.134.2-31"19"
100 1 _aVerdaguer, Mario.
_9114001
245 1 0 _aRasputín, el dominador de mujeres /
_cMario Verdaguer.
260 _aBarcelona :
_bIberia,
_c1931.
300 _a116 p. :
_bil. ;
_c21 cm.
600 1 4 _aRasputin, Grigoriï Efimovich.
_995503
852 4 _aES-MaACL
_jB-12991
999 _c145876
_d145876